000
00338nam a22001457a 4500
020
_a
978-81-317-3071-3
041
_a
ENG
100
_a
Chopra.S
245
_a
Supply Chain Management Stratgy, Planning ,And Operation
260
_a
Delhi
_b
Pearson
_c
2010
300
_a
555
650
_a
FS
700
_a
Kalra. D. V
856
_u
FS ( 36 )
999
_c
857
_d
857